| 000 | 01902nam a22002897a 4500 | ||
|---|---|---|---|
| 005 | 20110630114551.0 | ||
| 010 | _aENG-102829 B-447328-332 | ||
| 020 |
_c695.00 _a9788189965075 |
||
| 035 | _aEN-86362 B-447328-332 | ||
| 037 | _bDBAD/PUB | ||
| 037 | _bBPPD/KKP | ||
| 082 | _a331.794 | ||
| 100 |
_aIshtiyaq, M. _944659 |
||
| 245 |
_aArtisans in India : _ba socio-economic profile / _cby M. Ishtiyaq |
||
| 260 |
_aNew Delhi _bGenuine Publications & Media _c2011 |
||
| 270 |
_aB-35(LGF), Nizamuddin West, _bNew Delhi _e110013 |
||
| 300 |
_axiii,255p. : _bill. _c23cm (Hb) |
||
| 500 | _aIncludes index | ||
| 942 |
_2ddc _cEN _mISH _h331.794 |
||
| 999 |
_c53493 _d53493 |
||